[Event "Eger op"]
[Site "Eger"]
[Date "1993.??.??"]
[Round "3"]
[White "Sziraki, Tamas"]
[Black "Toth, Andras"]
[Result "1-0"]
[WhiteElo "2235"]
[BlackElo "2075"]

1.e4 c5 2.Nf3 e6 3.d4 cxd4 4.Nxd4 Nc6 5.Nb5 d6 6.c4 a6 7.N5c3 Nf6 8.Be2 b6
9.O-O Bb7 10.Be3 Rc8 11.Na3 Be7 12.f4 O-O 13.Rc1 Qc7 14.Bf3 Rfd8 15.Qe2 Ba8
16.Nd5 exd5 17.cxd5 Qa7 18.dxc6 Bxc6 19.Rxc6 Rxc6 20.e5 Rcc8 21.exf6 Bxf6
22.Qf2 Qd7 23.Bxb6 Re8 24.Bd4 Qf5 25.Bb7 Rc7 26.Bxa6 h5 27.Bxf6 Qxf6 28.Bd3 h4
29.h3 Rce7 30.Nc4 Re6 31.Rd1 Qh6 32.f5 R6e7 33.Bf1 Rd8 34.Nb6 Re5 35.Nc4 Re4
36.Qb6 Rde8 37.Qxd6 Qg5 38.Qd2 Qxf5 39.Nd6 Qc5+ 40.Qf2 Qxf2+ 41.Kxf2 Rf4+
42.Kg1 Rd8 43.Rd2 Rd7 44.Nc4 Re7 45.Rd1 Rc7 46.b3 Ra7 47.a4 g5 48.a5 f5 49.b4  1-0

[Event "ESP-chT"]
[Site "?"]
[Date "1993.??.??"]
[Round "?"]
[White "Ruiz, Agustin"]
[Black "Sion Castro, Marcelino"]
[Result "0-1"]
[WhiteElo "2295"]
[BlackElo "2385"]

1.Nf3 c5 2.e4 e6 3.d4 cxd4 4.Nxd4 Nc6 5.Nb5 Nf6 6.N1c3 d6 7.Bf4 e5 8.Bg5 a6
9.Na3 b5 10.Bxf6 gxf6 11.Nd5 Bg7 12.Bd3 Ne7 13.Nxe7 Qxe7 14.c4 f5 15.O-O O-O
16.Re1 Bb7 17.Qf3 Qg5 18.b3 d5 19.Qxf5 Qxf5 20.exf5 e4 21.Bf1 Bxa1 22.Rxa1 bxc4
23.bxc4 d4 24.Nc2 Rfc8 25.Rd1 d3 26.Ne3 Bc6 27.Rd2 Rab8 28.g4 Rb1 29.f3 Rcb8
30.fxe4 Bxe4 31.Nd5 Bf3 32.Nc3 Be2 33.Nxe2 dxe2 34.Rxe2 R8b2 35.Kf2 Rxe2+
36.Bxe2 Rb2 37.a4 Ra2 38.g5 Kf8 39.h4 Rxa4 40.Ke3 a5 41.f6 Ra1 42.Kd2 Ra2+
43.Kd3 a4 44.c5 Rxe2  0-1

[Event "Eupen op"]
[Site "Eupen"]
[Date "1993.??.??"]
[Round "2"]
[White "Kengis, Edvins"]
[Black "Maes, P."]
[Result "1-0"]
[WhiteElo "2555"]
[BlackElo "2195"]

1.e4 c5 2.Nf3 e6 3.d4 cxd4 4.Nxd4 Nc6 5.Nb5 d6 6.Bf4 e5 7.Be3 a6 8.N5c3 Nf6
9.Bc4 Be7 10.O-O O-O 11.Nd2 Be6 12.Bb3 d5 13.exd5 Nxd5 14.Nxd5 Bxd5 15.Nc4 Bxc4
16.Bxc4 Rc8 17.c3 b5 18.Be2 Qc7 19.a4 Rfd8 20.Qb1 Rb8 21.axb5 axb5 22.Qe4 Bf8
23.Rfd1 Rxd1+ 24.Rxd1 b4 25.Qc4 bxc3 26.bxc3 Qb7 27.h4 Ne7 28.Qg4 Qc8 29.Bg5 Qxg4
30.Bxg4 h6 31.Be3 f5 32.Be2 Rc8 33.c4 Ng6 34.g3 Bc5 35.Bxc5 Rxc5 36.Rd5  1-0

[Event "Farum op"]
[Site "Farum"]
[Date "1993.??.??"]
[Round "4"]
[White "Schandorff, Lars"]
[Black "Petersen, Peter Birk"]
[Result "0-1"]
[WhiteElo "2435"]
[BlackElo "2210"]

1.e4 c5 2.Nf3 e6 3.d4 cxd4 4.Nxd4 Nc6 5.Nb5 d6 6.c4 Nf6 7.N5c3 Be7 8.g3 b6
9.Bg2 Bb7 10.O-O O-O 11.Na3 a6 12.Be3 Qc7 13.Rc1 Ne5 14.h3 Rac8 15.f4 Ned7
16.Re1 Rfd8 17.Qe2 Bf8 18.g4 Nc5 19.Bd2 g6 20.g5 Nh5 21.Bf3 d5 22.Bxh5 dxe4
23.Bg4 Rxd2 24.Qxd2 Rd8 25.Qe2 Qxf4 26.Rcd1 Rd3 27.Rxd3 Nxd3 28.Rf1 Bc5+
29.Kg2 Qxg5 30.Nc2 Nf4+ 31.Rxf4 Qxf4 32.b4 Bd6 33.Qe3 Qh2+ 34.Kf1 Qxc2 35.Qxb6 Qc1+
36.Nd1 Qxc4+ 37.Be2 Qxb4  0-1

[Event "FIN-chT"]
[Site "FIN"]
[Date "1993.??.??"]
[Round "?"]
[White "Pulkkinen, Kari"]
[Black "Kiik, Kalle"]
[Result "1/2-1/2"]
[WhiteElo "2265"]
[BlackElo "2365"]

1.e4 c5 2.Nf3 e6 3.d4 cxd4 4.Nxd4 Nc6 5.Nb5 d6 6.c4 Nf6 7.N1c3 a6 8.Na3 b6
9.Be2 Bb7 10.O-O Nb8 11.f3 Be7 12.Be3 Nbd7  1/2-1/2

[Event "FRA"]
[Site "FRA"]
[Date "1993.??.??"]
[Round "?"]
[White "Daurelle, Herve"]
[Black "Pellaton, Bernard"]
[Result "0-1"]
[WhiteElo "2255"]
[BlackElo "2080"]

1.e4 c5 2.Nf3 e6 3.d4 cxd4 4.Nxd4 Nc6 5.Nb5 d6 6.c4 a6 7.N5c3 Nf6 8.g3 b6
9.Bg2 Bb7 10.O-O Be7 11.Be3 O-O 12.Nd2 Qc7 13.f4 Rac8 14.Rc1 Nb8 15.g4 Rfe8
16.g5 Nfd7 17.Qh5 g6 18.Qh6 Bf8 19.Qh4 Bg7 20.Rf3 Nf8 21.Qf2 Nbd7 22.b4 d5
23.Na4 dxe4 24.Rg3 b5 25.Nb6 Nxb6 26.Bxb6 Qb8 27.c5 Nd7 28.Ba5 f5 29.gxf6 Nxf6
30.Re1 Nh5 31.Rg4 Nf6 32.Rh4 Qa8 33.Qe2 e5 34.f5 gxf5 35.Bh3 f4 36.Bxc8 Qxc8
37.Nf1 e3 38.Nxe3 fxe3 39.Qxe3 Qc6 40.Qg3 Rf8 41.Qb3+ Kh8 42.Qh3 Qh1+ 43.Kf2 Ng4+  0-1

[Event "FRA"]
[Site "FRA"]
[Date "1993.??.??"]
[Round "?"]
[White "Pellaton, Bernard"]
[Black "Belkhodja, Slim"]
[Result "0-1"]
[WhiteElo "2080"]
[BlackElo "2400"]

1.e4 c5 2.Nf3 e6 3.d4 cxd4 4.Nxd4 Nc6 5.Nb5 d6 6.c4 Nf6 7.N1c3 a6 8.Na3 Be7
9.Be2 O-O 10.O-O b6 11.Be3 Ne5 12.Rc1 Bb7 13.f4 Ned7 14.Bf3 Qc7 15.Nab1 Rad8
16.Kh1 Qb8 17.Nd2 Nc5 18.Qc2 d5 19.cxd5 exd5 20.Bxc5 Bxc5 21.e5 Ne8 22.Rce1 Nc7
23.f5 Rfe8 24.Nb3 d4 25.Nxc5 bxc5 26.Nd1 Nd5 27.e6 fxe6 28.fxe6 Qd6 29.Qf5 Rf8
30.Qh5 Nf4 31.Qe5 Qxe5 32.Rxe5 Bxf3 33.Rxf3 Rde8 34.e7 Rf7 35.h3 Rfxe7 36.Rxe7 Rxe7
37.Nf2 Ng6 38.Rf5 Re1+ 39.Kh2 Re2 40.Nd3 c4 41.Nf4 d3 42.Nxg6 hxg6 43.Rc5 Rc2  0-1

[Event "FRA"]
[Site "FRA"]
[Date "1993.??.??"]
[Round "?"]
[White "Armas, Jorge"]
[Black "Lejeune, Jean Pierre"]
[Result "0-1"]
[WhiteElo "2435"]
[BlackElo "2350"]

1.e4 c5 2.Nf3 e6 3.d4 cxd4 4.Nxd4 Nc6 5.Nb5 d6 6.Bf4 e5 7.Be3 a6 8.N5c3 Nf6
9.Be2 Be7 10.Nd5 Nxd5 11.exd5 Nb8 12.c4 Bg5 13.Qd2 Bxe3 14.Qxe3 O-O 15.O-O Nd7
16.Nd2 a5 17.b3 Re8 18.a3 f5 19.b4 b6 20.f3 Kh8 21.Rfd1 Nf6 22.Nb3 a4 23.Nd2 Bd7
24.Rac1 Nh5 25.c5 Nf4 26.Nf1 bxc5 27.bxc5 dxc5 28.Rxc5 Rb8 29.Ng3 Rb3 30.Rc3 h5
31.Rxb3 axb3 32.Bc4 Qg5 33.Qd2 e4 34.fxe4 fxe4 35.Qf2 e3 36.Qf1 h4 37.Ne2 Nh3+
38.Kh1 Nf2+ 39.Kg1 Nh3+ 40.Kh1 Nf2+ 41.Kg1 Nxd1 42.Qxd1 b2 43.Qb1 Bh3  0-1

[Event "BL2-W9293"]
[Site "Germany"]
[Date "1993.??.??"]
[Round "?"]
[White "Winterstein, Wolfgang"]
[Black "Stoering, Volker"]
[Result "1/2-1/2"]
[WhiteElo "2310"]
[BlackElo "2315"]

1.e4 c5 2.Nf3 e6 3.d4 cxd4 4.Nxd4 Nc6 5.Nb5 d6 6.c4 a6 7.N5c3 Nf6 8.Be2 b6
9.O-O Bb7 10.Bf4 Be7 11.Re1 O-O 12.Nd2 Qc7 13.Rc1 Rad8 14.Nd5 exd5 15.cxd5 Qd7
16.dxc6 Bxc6 17.Bxa6 Ra8 18.Bf1 Qb7 19.a3 Rfe8 20.f3 d5 21.e5 Nh5 22.Be3 d4
23.Bxd4 Rad8 24.Be3 Bh4 25.g3 Nxg3 26.hxg3 Bxg3 27.Bf2 Bf4 28.Qc2 Re6 29.Ne4 Rg6+
30.Bg2 Bxc1 31.Rxc1 Bxe4 32.Qxe4 Qd7 33.b4 Qd2 34.Re1 h5 35.Kf1 Qb2 36.Qe3 Rd2
37.Bh3 Qc2 38.e6 fxe6 39.Bxe6+ Kh7 40.Bh3 Qc4+ 41.Re2 Rd1+ 42.Be1 Rxe1+ 43.Kxe1 Qh4+
44.Kd1 Qxh3 45.Qe4 Qg3 46.Rc2  1/2-1/2

[Event "BL2-W9293"]
[Site "Germany"]
[Date "1993.??.??"]
[Round "?"]
[White "Zude, Arno"]
[Black "Hess, Ralf"]
[Result "0-1"]
[WhiteElo "2465"]
[BlackElo "2390"]

1.e4 c5 2.Nf3 Nc6 3.d4 cxd4 4.Nxd4 e6 5.Nb5 d6 6.c4 a6 7.N5c3 Be7 8.Be3 Rb8
9.Be2 Bf6 10.O-O Qc7 11.Qd2 Bd7 12.Na3 Nge7 13.Rfd1 Nc8 14.Rac1 Nb4 15.Ncb5 axb5
16.Qxb4 bxc4 17.Nxc4 Bc6 18.Nxd6+ Nxd6 19.Rxd6 O-O 20.Rd2 Qe5 21.Bf3 Ra8
22.b3 Rfd8 23.Rdc2 Rd3 24.Re1 g6 25.Qc5 Qc7 26.Be2 Rd7 27.Qc4 Qe5 28.f3 h5
29.Bf2 h4 30.a4 Rad8 31.Qc5 Qb8 32.g3 Rd2 33.Rxd2 Rxd2 34.Qe3 Qd6 35.Kg2 Qb4
36.Bc4 Bd4 37.Qxd4 Rxd4 38.Bxd4 Qxe1  0-1

[Event "Gladsaxe"]
[Site "Gladsaxe"]
[Date "1993.??.??"]
[Round "6"]
[White "Jensen, Find"]
[Black "Petersen, Peter Birk"]
[Result "0-1"]
[WhiteElo "1945"]
[BlackElo "2210"]

1.e4 c5 2.Nf3 e6 3.d4 cxd4 4.Nxd4 Nc6 5.Nb5 d6 6.c4 a6 7.N5c3 Nf6 8.Be3 Be7
9.Be2 O-O 10.O-O Bd7 11.f3 Na7 12.Qb3 Bc6 13.Rd1 Qb8 14.a4 Nd7 15.a5 Nc5
16.Qc2 b5 17.axb6 Qxb6 18.Nd2 a5 19.Ra3 Bd7 20.Nb3 Qc7 21.Bxc5 dxc5 22.Rxa5 Nc6
23.Nb5 Qb7 24.Ra3 Nb4 25.Qc3 Bxb5 26.cxb5 Qc7 27.Rc1 Na2 28.Rxa2 Rxa2 29.Nxc5 Bf6
30.e5 Bxe5 31.b6 Qd6 32.Qd3 Bd4+ 33.Kf1 Bxc5 34.Qb3 Qd4 35.Rxc5  0-1

[Event "Harkany op"]
[Site "Harkany"]
[Date "1993.??.??"]
[Round "6"]
[White "Anka, Emil"]
[Black "Medvegy, Nora"]
[Result "1-0"]
[WhiteElo "2395"]
[BlackElo "2105"]

1.e4 c5 2.Nf3 e6 3.d4 cxd4 4.Nxd4 Nc6 5.Nb5 d6 6.c4 Nf6 7.N1c3 a6 8.Na3 b6
9.Be2 Bb7 10.O-O Be7 11.Be3 O-O 12.Qb3 Nd7 13.Rac1 Nc5 14.Qc2 Rc8 15.Rfd1 Qc7
16.f3 Rfd8 17.Bf1 Qb8 18.Qf2 Ne5 19.b4 Ncd7 20.Na4 d5 21.Nxb6 dxe4 22.Nxc8 Rxc8
23.c5 exf3 24.Bf4 Qa8 25.Nc4 Nxc4 26.Rxd7  1-0

[Event "HUN-chT"]
[Site "HUN"]
[Date "1993.??.??"]
[Round "?"]
[White "Kereszturi, Sara"]
[Black "Horvath, Zoltan"]
[Result "1-0"]
[WhiteElo "2160"]
[BlackElo "2345"]

1.e4 c5 2.Nf3 e6 3.d4 cxd4 4.Nxd4 Nc6 5.Nb5 d6 6.c4 Nf6 7.N1c3 a6 8.Na3 Be7
9.Be2 O-O 10.O-O Bd7 11.Be3 Rc8 12.Rc1 Qa5 13.f4 Rfd8 14.Qb3 Nb4 15.Nab1 b5
16.a3 Nc6 17.cxb5 Rb8 18.Qc2 axb5 19.b4 Qa8 20.Qb3 Na7 21.Bf3 Bc6 22.Nd2 Nc8
23.g4 Nb6 24.g5 Ne8 25.Rf2 d5 26.exd5 Nxd5 27.Nxd5 Bxd5 28.Bxd5 Rxd5 29.Ne4 Rbd8
30.Rd2 Rxd2 31.Nxd2 Nd6 32.Bb6 Rd7 33.Qf3 Qxf3 34.Nxf3 f6 35.gxf6 gxf6 36.Re1 Kf7
37.Nd2 Nc8 38.Be3 Rd3 39.Nb1 Nd6 40.Kf2 Nc4 41.Bc5 Bxc5+ 42.bxc5 Rd5 43.c6 Rc5
44.Rd1 Rxc6 45.Rd7+ Kg6 46.f5+ Kxf5 47.Rxh7 e5 48.Rb7 Nd6 49.Rd7 Rc2+ 50.Ke3 Nc4+
51.Kd3 Rb2 52.a4 Rxb1 53.axb5 Rd1+  1-0

[Event "HUN-chT"]
[Site "HUN"]
[Date "1993.??.??"]
[Round "?"]
[White "Somlai, Laszlo"]
[Black "Horvath, Tamas"]
[Result "1/2-1/2"]
[WhiteElo "2385"]
[BlackElo "2300"]

1.e4 c5 2.Nf3 e6 3.d4 cxd4 4.Nxd4 Nc6 5.Nb5 d6 6.Bf4 e5 7.Be3 Nf6 8.Bg5 Be6
9.Nd2 Be7 10.Bxf6 Bxf6 11.Nc4 O-O 12.Qxd6 a6 13.Qxd8 Rfxd8 14.Nc3 Nb4 15.Ne3 Bg5
16.Rc1 Bxa2 17.Nxa2 Bxe3 18.fxe3 Nxa2 19.Rd1 Nb4 20.Rxd8+ Rxd8 21.c3 Nd3+  1/2-1/2

[Event "HUN-chT2"]
[Site "HUN"]
[Date "1993.??.??"]
[Round "?"]
[White "Kun, Sandor"]
[Black "Kapu, Jeno"]
[Result "1/2-1/2"]
[WhiteElo "2280"]
[BlackElo "2250"]

1.e4 c5 2.d4 cxd4 3.Nf3 Nc6 4.Nxd4 e6 5.Nb5 d6 6.Bf4 e5 7.Be3 Be6 8.c4 Nf6
9.N1c3 a6 10.Na3 Ng4 11.Nc2 Be7 12.Nd5 Nxe3 13.Ncxe3 Bg5 14.Bd3 Qa5+ 15.Qd2 Qxd2+
16.Kxd2 Bxd5 17.cxd5 Ne7 18.h4 Bxe3+ 19.Kxe3 Rc8 20.Rac1 Kd7 21.g3 f5 22.Rhd1 Rhf8
23.Rxc8 Rxc8 24.Kd2 g6 25.Rc1 Rf8 26.Ke3 f4+ 27.Ke2 Ng8 28.b4 Nh6 29.b5 fxg3
30.fxg3 axb5 31.Bxb5+ Kd8 32.Rf1 Rxf1 33.Kxf1 Ng4 34.Ke2 Nf6 35.Kf3 Kc7 36.g4 Kb6
37.a4 Kc5 38.g5 Ng8 39.Bd7 b6 40.Be6 Ne7 41.Bd7 Kd4 42.Be6 Kc5 43.Ke3 Kb4
44.Bd7 Kc3 45.Be8 Kc4 46.Bb5+  1/2-1/2

[Event "Jyvaskyla op"]
[Site "Jyvaskyla"]
[Date "1993.??.??"]
[Round "9"]
[White "Nouro, Mikael"]
[Black "Kiik, Kalle"]
[Result "1/2-1/2"]
[WhiteElo "2230"]
[BlackElo "2370"]

1.e4 c5 2.Nf3 e6 3.d4 cxd4 4.Nxd4 Nc6 5.Nb5 d6 6.c4 Nf6 7.N1c3 a6 8.Na3 Be7
9.Be2 b6 10.O-O Bb7 11.Be3 Nb8 12.f3 Nbd7 13.Qd2 O-O 14.Rfd1 Qc7 15.Rac1 Rfe8
16.Bf1 Rac8 17.Kh1 Qb8 18.Qf2 Bd8 19.Rd2 Bc7 20.Rcd1 d5 21.cxd5 exd5 22.exd5 Bxh2
23.d6 Bg3 24.Qxg3 Rxe3 25.Nc2 Re5 26.Nb4 b5 27.Nd3 Rh5+ 28.Kg1 h6 29.Nf4 Rg5
30.Qf2 Qa8 31.Kh1 Re8 32.Nce2 Qd8 33.Ng1 Rf5 34.Nfh3 Ne4 35.fxe4 Rxf2 36.Rxf2 Rxe4
37.Bd3 Rg4 38.Bf5 Rh4 39.Rc1 g6 40.Bxd7 Qxd7 41.Rc7 Bxg2+ 42.Kxg2 Qxd6 43.Rcxf7 Rg4+
44.Kh1 Qd5+ 45.R7f3 g5 46.Kh2 Qxa2 47.Ne2 Qd5 48.Ng3 Qd6 49.Re2 Rh4 50.Kg2 Qc6
51.Nf5 Rg4+ 52.Kf2 Qb6+ 53.Kf1 Kh7 54.Re7+ Kg6 55.Rg7+ Kf6 56.Rh7 Ke5 57.Nxh6 Ke4
58.Rc3 Rh4 59.Nf2+ Kd5 60.Rd7+ Ke6 61.Rdc7 Rc4 62.R7xc4 bxc4 63.Rc2 Qb3 64.Re2+ Kd5
65.Nhg4 c3 66.bxc3 Qb1+ 67.Re1 Qb5+ 68.Kg1 Kc4 69.Re3 Qb1+ 70.Kg2 a5 71.Ne5+ Kd5
72.c4+ Kd4 73.Re1 Qb7+ 74.Nf3+ Kc3 75.c5 Qc6 76.Ne4+ Kb2 77.Re2+ Kc1 78.Kf2 Qd5  1/2-1/2

[Event "Katowice op"]
[Site "Katowice"]
[Date "1993.??.??"]
[Round "5"]
[White "Korneev, Oleg"]
[Black "Kuszynski, W."]
[Result "1/2-1/2"]
[WhiteElo "2490"]
[BlackElo "2380"]

1.e4 c5 2.Nf3 e6 3.d4 cxd4 4.Nxd4 Nc6 5.Nb5 d6 6.c4 Nf6 7.N1c3 a6 8.Na3 d5
9.exd5 exd5 10.cxd5 Nb4 11.Be2 Nfxd5 12.Nxd5 Qxd5 13.O-O Be6 14.Bc4 Qxd1
15.Rxd1 b5 16.Bxe6 fxe6 17.Bd2 Rc8 18.Rac1 Rxc1 19.Rxc1 Kd7 20.Bxb4 Bxb4
21.Nc2 Rc8 22.Rd1+ Bd6 23.Ne3 Ke7 24.g3 Be5 25.b3 h5 26.Kg2 Rc3 27.Kf3 a5
28.Rd2 a4 29.Ke4 Bf6 30.bxa4 bxa4 31.Rd3 Rc6 32.Ra3 Ra6 33.Nc4 Kd7 34.Rd3+ Kc7
35.Ne5 Rb6 36.f4 Rb2 37.a3 Rxh2 38.Rd4 Rh3 39.Rxa4 Rxg3 40.Rc4+ Kb7 41.Rb4+ Kc7
42.Rc4+ Kb7 43.Rb4+  1/2-1/2

[Event "Katowice op"]
[Site "Katowice"]
[Date "1993.??.??"]
[Round "6"]
[White "Pedersen, Steffen"]
[Black "Poluljahov, Aleksandr"]
[Result "1-0"]
[WhiteElo "2390"]
[BlackElo "2515"]

1.e4 c5 2.Nf3 e6 3.d4 cxd4 4.Nxd4 Nc6 5.Nb5 d6 6.c4 Nf6 7.N1c3 a6 8.Na3 b6
9.Be3 Nb8 10.Be2 Be7 11.f3 Bb7 12.O-O Nbd7 13.Qd2 O-O 14.Rfd1 Qc7 15.Rac1 Rac8
16.Qe1 Qb8 17.Nc2 Rfe8 18.Qf2 Bd8 19.Ne1 h6 20.b3 Bc7 21.g3 Kh7 22.Ng2 Rg8
23.Bd3 Ne5 24.Bb1 Kh8 25.Ne1 Ba8 26.Qf1 Rge8 27.Bd4 Rcd8 28.Rd2 Bc6 29.a4 Ned7
30.Rcd1 Rc8 31.Nd3 Bd8 32.Nf2 Ba8 33.Qh3 Ne5 34.Qg2 Nc6 35.Be3 Na5 36.Ba2 Be7
37.Bf4 Red8 38.Qh3 Nc6 39.Nd3 Nd4 40.Ne1 Nc6 41.Nc2 Ne5 42.Nd4 Re8 43.Bb1 Kg8
44.Re2 Bf8 45.Bc1 d5 46.f4 Nc6 47.Nxc6 Rxc6 48.e5 Nd7 49.Ne4 Qc7 50.Ng5 Bc5+
51.Kf1 dxc4 52.f5 Nxe5 53.f6 Rd6 54.Rde1 Nf3 55.fxg7 f5 56.Qxh6 Qxg7 57.Qh5 Red8
58.Nxf3  1-0

[Event "Katowice op"]
[Site "Katowice"]
[Date "1993.??.??"]
[Round "7"]
[White "Stypka, Mieczyslaw"]
[Black "Flis, Jacek"]
[Result "1/2-1/2"]
[WhiteElo "2235"]
[BlackElo "2345"]

1.e4 c5 2.Nf3 e6 3.d4 cxd4 4.Nxd4 Nc6 5.Nb5 d6 6.c4 Nf6 7.N1c3 a6 8.Na3 Be7
9.Be2 O-O 10.O-O Ne5 11.Be3 b6 12.f3 Ned7 13.Qe1 Bb7 14.Qf2 Rb8 15.Rfd1 Qc7
16.Bf1 h6 17.Kh1 Rfe8 18.Rd2 Bf8 19.Rad1 Kh8 20.Bf4 Ne5 21.Be3 Ba8 22.Rc2 Ned7
23.Bf4 Ne5 24.Be3 Ned7 25.Bf4 Ne5 26.Be3 Ned7  1/2-1/2

[Event "Asia-J"]
[Site "Kuala Lumpur"]
[Date "1993.??.??"]
[Round "?"]
[White "Konguveel, Ponnuswamy"]
[Black "Al Modiahki, Mohamad"]
[Result "1-0"]
[WhiteElo "2355"]
[BlackElo "2380"]

1.e4 c5 2.Nf3 e6 3.d4 cxd4 4.Nxd4 Nc6 5.Nb5 d6 6.c4 Nf6 7.N1c3 a6 8.Na3 b6
9.Be2 Bb7 10.O-O Nb8 11.f3 Nbd7 12.Be3 Be7 13.Qd2 O-O 14.Rfd1 Rc8 15.Rac1 Qc7
16.Kh1 Qb8 17.Bf1 Kh8 18.Nc2 Rg8 19.b3 h6 20.Ne1 g5 21.b4 Bd8 22.Na4 Bc7
23.Qb2 e5 24.c5 b5 25.Nc3 dxc5 26.bxc5 Ba5 27.Nd3 g4 28.Nd5 gxf3 29.gxf3 Nxd5
30.Nxe5 Nxe5 31.exd5 Rce8 32.c6 Ba8 33.f4 Bb6 34.Bd4 Qd8 35.Bxe5+ Rxe5 36.Bg2 Qh4
37.fxe5 Be3 38.e6+ f6 39.Rf1 Bd4 40.Qe2 Be5 41.Bf3 Bc7 42.Rg1 Re8 43.Bh5 Rxe6
44.dxe6 Bxh2 45.Qg4  1-0

[Event "Kalakukko op"]
[Site "Kuopio"]
[Date "1993.??.??"]
[Round "3"]
[White "Holmsten, Aleksei"]
[Black "Kiik, Kalle"]
[Result "0-1"]
[WhiteElo "2265"]
[BlackElo "2365"]

1.e4 c5 2.Nf3 e6 3.d4 cxd4 4.Nxd4 Nc6 5.Nb5 d6 6.c4 Nf6 7.N1c3 a6 8.Na3 Be7
9.Be2 b6 10.O-O Bb7 11.Be3 Nb8 12.f3 Nbd7 13.Qd2 O-O 14.Rfd1 Qc7 15.Rac1 Rac8
16.Qe1 Qb8 17.Qf2 Bd8 18.Nab1 Bc7 19.Qh4 Ne5 20.Qf2 Ned7 21.Qh4 Rfe8 22.Bf2 Ne5
23.Qh3 Ng6 24.g3 Rcd8 25.Nd2 d5 26.cxd5 exd5 27.exd5 Nxd5 28.Nxd5 Bxd5 29.Bxa6 Ne5
30.Be2 Bxa2 31.Ne4 Be6 32.Qf1 Bd5 33.Rd4 h6 34.Rcd1 Ba8 35.Rxd8 Rxd8 36.Rxd8+ Qxd8
37.Qh3 Bd5 38.Qh5 Be6 39.Be3 Nc4 40.Bxc4 Bxc4 41.Nd2 Bd3 42.Qg4 Be5 43.Qb4 b5
44.b3 f5 45.Qc5 Bf6 46.Kg2 Kh7 47.Qb4 Qd5 48.Qc5 Qxc5 49.Bxc5 Bc3 50.Nf1 Bc2
51.b4 g5 52.Kf2 Kg6 53.Ke2 f4  0-1

[Event "SWE-chA"]
[Site "Lindesberg"]
[Date "1993.??.??"]
[Round "?"]
[White "Moberg, Karl Johan"]
[Black "Bergstrom, Rolf"]
[Result "0-1"]
[WhiteElo "2300"]
[BlackElo "2240"]

1.e4 c5 2.Nf3 e6 3.d4 cxd4 4.Nxd4 Nc6 5.Nb5 d6 6.c4 Nf6 7.N1c3 a6 8.Na3 Be7
9.Be2 O-O 10.O-O b6 11.Be3 Ne5 12.f4 Ned7 13.Bf3 Bb7 14.g4 h6 15.Qe2 Rc8
16.Rac1 Re8 17.Rfd1 Nh7 18.h4 Bxh4 19.Rxd6 Qc7 20.Rcd1 Nhf8 21.Nab1 Be7 22.R6d2 Nb8
23.e5 Ng6 24.Ne4 Qxc4 25.Nd6 Qxe2 26.Bxe2 Bxd6 27.Rxd6 b5 28.Nc3 Ne7 29.Kf2 Nd5
30.Nxd5 Bxd5 31.a3 Red8 32.Rc1 Nc6 33.Bb6 Re8 34.b4 g5 35.Be3 gxf4 36.Bxf4 Kg7
37.Rc5 Nd4 38.Bxh6+ Kxh6 39.Rcxd5 Nxe2 40.Kxe2 Kg5 41.Rd4 Rh8 42.Rxa6 Rh3
43.Rd3 Rh2+ 44.Kf3 Rcc2 45.Rb6 Rh3+ 46.Ke4 Rc4+ 47.Rd4 Rcc3 48.Rdd6 Rhg3
49.Rxe6 Rc4+ 50.Kd5 Rd3+  0-1

[Event "Makarska"]
[Site "Makarska"]
[Date "1993.??.??"]
[Round "?"]
[White "Videki, Sandor"]
[Black "Stone, Raymond"]
[Result "1/2-1/2"]
[WhiteElo "2415"]
[BlackElo "2365"]

1.e4 c5 2.Nf3 e6 3.d4 cxd4 4.Nxd4 Nc6 5.Nb5 d6 6.c4 Nf6 7.N1c3 a6 8.Na3 Be7
9.Be2 O-O 10.O-O b6 11.Be3 Ne5 12.f3 Qc7 13.Rc1 Re8 14.Qd2 Bb7 15.Rfd1 Rad8
16.Bf1 Ba8 17.Qf2 Nfd7 18.Nab1 Rc8 19.Nd2 Nc5 20.Rc2 Ned3 21.Qg3 Nb4 22.Rcc1 Nbd3
23.Rc2 Nb4 24.Rcc1 Nbd3 25.Bxd3 Nxd3 26.Rc2 Nb4 27.Rcc1 Nd3 28.Rc2 Nb4  1/2-1/2

[Event "Martinez Valle op2"]
[Site "Martinez Valle"]
[Date "1993.??.??"]
[Round "3"]
[White "Dolezal, Cristian"]
[Black "Giardelli, Sergio C"]
[Result "0-1"]
[WhiteElo "2255"]
[BlackElo "2425"]

1.e4 c5 2.Nf3 e6 3.d4 cxd4 4.Nxd4 Nc6 5.Nb5 d6 6.c4 Nf6 7.N1c3 a6 8.Na3 Be7
9.Be2 b6 10.Be3 O-O 11.O-O Qc7 12.Rc1 Ne5 13.f4 Ned7 14.Bf3 Bb7 15.Qe2 Rac8
16.g4 Nc5 17.Qg2 Qb8 18.g5 Nfd7 19.Rcd1 b5 20.cxb5 axb5 21.Naxb5 Ba6 22.Be2 Rfd8
23.Rd2 Bf8 24.Rfd1 Nb6 25.Qf2 Nba4 26.Bxc5 Nxc5 27.Qe3 d5 28.exd5 exd5 29.Nd4 Bd6
30.Rf1 Re8 31.Qf3 Bxe2 32.Ndxe2 Ne4 33.Rxd5 Bc5+ 34.Kh1 Nxc3 35.Nxc3 Qxb2
36.Rxc5 Rxc5 37.Na4 Qd4 38.Nxc5 Qxc5 39.f5 Qc4 40.Qg2 g6 41.a3 gxf5 42.Qf3 Re5
43.Qf4 Qd5+ 44.Qf3 Qd2 45.Qf4 Qb2 46.Rf2 Qb7+ 47.Qf3 Qe7 48.Rf1 Kg7 49.Qh3 Qe6
50.Qc3 Kg6 51.Qh3 Qc6+ 52.Kg1 Kg7 53.Qf3 Qc2 54.Qf4 Qe4 55.Rf2 Kg6 56.h4 Qxf4
57.Rxf4 Re2 58.a4 Ra2 59.Kf1 f6 60.gxf6 Kxf6 61.Rb4 Ke5 62.Rc4 f4 63.Rc7 Ke4
64.Rxh7 Kf3 65.Ke1 Rxa4  0-1

[Event "Martinez Valle op2"]
[Site "Martinez Valle"]
[Date "1993.??.??"]
[Round "6"]
[White "Garbarino, Rodolfo"]
[Black "Giardelli, Sergio C"]
[Result "1/2-1/2"]
[WhiteElo "2405"]
[BlackElo "2425"]

1.e4 c5 2.Nf3 e6 3.d4 cxd4 4.Nxd4 Nc6 5.Nb5 d6 6.Bf4 e5 7.Be3 Be6 8.N1c3 a6
9.Na3 Nf6 10.Nc4 b5 11.Nb6 Rb8 12.Nbd5 Bxd5 13.Nxd5 Nxe4 14.Qf3 Nc5 15.O-O-O Qc8
16.g3 Be7 17.h4 Bd8 18.h5 h6 19.Bh3 Ne6 20.Bf5 Ne7 21.Be4 Nxd5 22.Bxd5 Bg5
23.Bxg5 Nxg5 24.Bc6+ Ke7 25.Qg2 Qf5 26.Rhe1 Ne6 27.f4 exf4 28.gxf4 Qxf4+
29.Kb1 Qg5 30.Qf2 Rhc8 31.Bd5 Rc7 32.Bxe6 fxe6 33.Qd4 d5 34.Rg1 Qf5 35.Rxg7+ Kd6
36.Rxc7 Kxc7 37.Rg1 Rf8 38.Qa7+ Kc6 39.Qxa6+ Kc5 40.Qa7+  1/2-1/2

[Event "Merida"]
[Site "Merida"]
[Date "1993.??.??"]
[Round "8"]
[White "Vescovi, Giovanni"]
[Black "Hernandez, Gilberto"]
[Result "1/2-1/2"]
[WhiteElo "2340"]
[BlackElo "2505"]

1.e4 c5 2.Nf3 e6 3.d4 cxd4 4.Nxd4 Nc6 5.Nb5 d6 6.c4 Nf6 7.N5c3 Be7 8.Be2 O-O
9.O-O b6 10.Bf4 Bb7 11.Re1 Rc8 12.Bf1 Ne5 13.Nd2 Re8 14.Rc1 Qc7 15.Bg3 a6
16.f4 Ng6 17.Kh1 Qb8 18.Nf3 Nh5 19.Qd2 Qc7 20.Bd3 Nxg3+ 21.hxg3 Red8 22.Qe3 Qc5
23.Qd2 Qc7 24.Qe3 Qc5 25.Qd2 h6 26.Na4 Qh5+  1/2-1/2

[Event "Merida"]
[Site "Merida"]
[Date "1993.??.??"]
[Round "10"]
[White "Rodriguez, Amador"]
[Black "Zapata, Alonso"]
[Result "1/2-1/2"]
[WhiteElo "2480"]
[BlackElo "2580"]

1.e4 c5 2.Nf3 e6 3.d4 cxd4 4.Nxd4 Nc6 5.Nb5 d6 6.Bf4 e5 7.Be3 Be6 8.N1c3 a6
9.Na3 Nf6 10.Nc4 Rb8 11.Bb6 Qd7 12.Qd2 Nb4 13.Ba5 Nc6 14.Bb6 Nb4 15.Ba5  1/2-1/2

[Event "Minsk"]
[Site "Minsk"]
[Date "1993.??.??"]
[Round "?"]
[White "Kruppa, Yuri"]
[Black "Suetin, Alexey S"]
[Result "1-0"]
[WhiteElo "2475"]
[BlackElo "2410"]

1.e4 c5 2.Nf3 e6 3.d4 cxd4 4.Nxd4 Nc6 5.Nb5 d6 6.c4 Nf6 7.N1c3 a6 8.Na3 Be7
9.Be2 O-O 10.O-O b6 11.Be3 Ne5 12.f3 Bb7 13.Qe1 Qc7 14.Rc1 Rab8 15.Qg3 Kh8
16.Nab1 Rfc8 17.Nd2 Ned7 18.Qh3 Qd8 19.g4 Nf8 20.g5 N6d7 21.Qg3 e5 22.Kh1 Ne6
23.Rg1 Ndf8 24.Nd5 Bc6 25.h4 b5 26.h5 Kg8 27.a3 bxc4 28.Nxc4 Bxd5 29.exd5 Nd4
30.Bxd4 exd4 31.f4 Rc5 32.Qf3 a5 33.Rcd1 a4 34.Rxd4 Rb3 35.Rd3 Qc7 36.Rxb3 axb3
37.Qe4 Qc8 38.Kh2 Qd8 39.Rg3 Nd7 40.Rxb3 Bf8 41.Rg3 Qe7 42.Qg2 Rc8 43.Re3 Qd8
44.b3 Nc5 45.Bf3 Rc7 46.Qe2 Re7 47.b4 Nd7 48.Rxe7 Qxe7 49.Na5  1-0

[Event "Mlada Boleslav op"]
[Site "Mlada Boleslav"]
[Date "1993.??.??"]
[Round "?"]
[White "Kogan, Artur"]
[Black "Kuporosov, Viktor"]
[Result "0-1"]
[WhiteElo "2340"]
[BlackElo "2500"]

1.e4 c5 2.Nf3 e6 3.d4 cxd4 4.Nxd4 Nc6 5.Nb5 d6 6.c4 Nf6 7.N5c3 Be7 8.Be2 b6
9.b3 Bb7 10.f4 O-O 11.Bf3 e5 12.O-O Nd4 13.a4 a6 14.Be3 Nxf3+ 15.Qxf3 exf4
16.Qxf4 Nd7 17.Bd4 Nc5 18.Qg3 Ne6 19.Be3 Bf6 20.Ra2 Be5 21.Qg4 Nc5 22.a5 Rc8
23.b4 Nd7 24.Bg5 f6 25.Bf4 Kh8 26.Rd2 bxa5 27.bxa5 Bxf4 28.Rxf4 Ne5 29.Qe6 Nxc4
30.Rd3 Qe8 31.Qh3 Rc7 32.Nd5 Bxd5 33.Rxd5 Qb8 34.Qd3 Rfc8 35.Rf1 Qa7+ 36.Kh1 h6
37.Re1 Qf2 38.Rf1 Qxf1+ 39.Qxf1 Ne3 40.Qg1 Nxd5  0-1

[Event "Munich op9293"]
[Site "Munich"]
[Date "1993.??.??"]
[Round "3"]
[White "Slobodjan, Roman"]
[Black "Schlosser, Philipp"]
[Result "0-1"]
[WhiteElo "2480"]
[BlackElo "2500"]

1.e4 c5 2.Nf3 e6 3.d4 cxd4 4.Nxd4 Nc6 5.Nb5 d6 6.c4 Nf6 7.N1c3 a6 8.Na3 b6
9.Be2 Bb7 10.Be3 Be7 11.O-O O-O 12.Qd2 Rc8 13.Rac1 Nb8 14.f3 Nbd7 15.Rfd1 Qc7
16.Kh1 Qb8 17.Qe1 Rfe8 18.Qf2 Bd8 19.Qg1 Bc7 20.Nc2 Kh8 21.Nb4 Rg8 22.Bd4 g5
23.Na4 a5 24.Nc2 Bc6 25.Nc3 Rg6 26.Na3 Bd8 27.Nab5 Be7 28.Bd3 Rcg8 29.e5 dxe5
30.Bxg6 Rxg6 31.Bf2 g4 32.fxg4 Nxg4 33.Bg3 Bc5 34.Qe1 Nf2+  0-1